| 000 | 00675nam a2200193 i 4500 | ||
|---|---|---|---|
| 001 | 182400 | ||
| 003 | ES-MaACL | ||
| 005 | 20230906221611.0 | ||
| 008 | 130808s1989 gw |||| | ger d | ||
| 100 | 1 |
_aTorné, Gonzalo ( _d1949-) _9153206 |
|
| 245 | 1 | 0 |
_aAus dem Südem _b: Malerei 1984-1989 : Artespaña, Frankfurt, 15 märz-25 mai 1989 / _cGonzalo Torné. |
| 260 |
_aFrankfurt am Main : _bArtespaña deutschland, _c1989. |
||
| 300 |
_a[16] p. ; _c29 cm. |
||
| 600 | 1 | 4 |
_aTorné, Gonzalo ( _d1949)- _vExposiciones. _9153207 |
| 655 | 7 |
_2tgfbne _9193628 _aCatálogos de exposiciones |
|
| 852 |
_aES-MaACL _j2323-F-11 |
||
| 942 | _2udc | ||
| 999 |
_c182400 _d182400 |
||